[Event "EYTCC Open U18 2018"]
[Site "Bad Blankeburg"]
[Date "2018.07.12"]
[Round "1"]
[White "Vogel, Roven"]
[Black "Schmidek, Emil"]
[Result "1/2-1/2"]
[WhiteElo "2467"]
[BlackElo "2376"]
[Annotator "TA"]
[PlyCount "110"]
[EventDate "2018.07.12"]
[EventType "swiss"]
[EventCountry "GER"]
[SourceTitle "playchess.com"]
[Source "ChessBase"]
[SourceQuality "1"]

{[%evp 21,110,-2,18,18,8,11,22,22,20,0,0,0,0,0,0,0,0,0,0,-9,-9,-19,-8,-16,-15,-10,-8,-8,-10,-13,-14,-14,-10,-16,-11,-10,-8,-11,-8,-30,-10,-7,-7,-11,-5,-26,-31,-33,-14,-54,-61,-97,-99,-109,-95,-110,-110,-104,-92,-85,-85,-173,-165,-176,-182,-223,-223,-179,-154,-148,-129,-116,-125,-123,-125,-120,-126,-109,-14,-14,-17,-15,0,0,0,-8,0,0,0,0,0]} 1. c4 Nf6 2. Nc3 d5 3. cxd5 Nxd5 4. Nf3 g6 5. Qb3 Nb6 6. d4 Bg7 7. e4 Bg4 {D90: Grünfeld: 4 Nf3 Bg7 sidelines} 8. Bb5+ c6 9. Ng5 O-O 10. Be2 Bxe2 11. Nxe2 c5 {LiveBook: 15 Games} 12. dxc5 {[#] 0-0 is the strong threat.} N6d7 $1 {[%cal Rd7c5]} 13. Qxb7 Qa5+ 14. Bd2 Qa6 15. c6 Qxc6 16. Qxc6 Nxc6 {[#]} 17. Rc1 $146 Rac8 18. b3 Rfd8 19. f4 Bb2 20. Rd1 Nc5 21. O-O h6 22. b4 Nd3 {White must now prevent ...Nd4.} 23. Nf3 Ncxb4 24. Bxb4 Nxb4 25. Rxd8+ Rxd8 26. Rb1 a5 {Threatening ...a4.} 27. h4 ({Don't blunder} 27. Rxb2 $2 Rd1+ 28. Kf2 Nd3+ 29. Ke3 Nxb2 $19) 27... Nd3 28. Rd1 Rd6 29. Rd2 Ba3 30. Rc2 Nc5 31. e5 Rd1+ 32. Kh2 Bb4 33. Nfd4 Nd3 34. Nc6 Kf8 (34... e6 {keeps more tension.} 35. g3 Kg7 36. Ned4 g5 37. fxg5 hxg5 38. hxg5 Kg6) 35. Nxb4 Nxb4 $11 {[%mdl 4096] Endgame KRN-KRN} 36. Rc8+ Kg7 37. a3 Nd5 38. Rc4 e6 39. Ng3 Ra1 40. Ra4 Ra2 41. Ne4 (41. Nf1 $17 {is a better defense.}) 41... Nxf4 $19 42. Kg3 Nxg2 43. Rxa5 Ne3 44. Kf4 Nd5+ 45. Kf3 Rh2 46. Kg3 Re2 47. Nd6 Rxe5 48. Ra7 Re3+ 49. Kg2 {[#]} Rc3 ({Black should play} 49... g5 $1 $17 {[%cal Rg5g4] aiming for ...g4.} 50. hxg5 hxg5 51. Rxf7+ Kg6) 50. Rxf7+ $11 {The position is equal.} Kg8 51. Ra7 Rd3 52. Nf7 Ne3+ 53. Kf3 Nf5+ 54. Kf4 Rd5 55. a4 Nxh4 {Precision: White = 70%, Black = 60%.} 1/2-1/2

[Event "EYTCC Open U18 2018"]
[Site "Bad Blankeburg"]
[Date "2018.07.12"]
[Round "1"]
[White "Gumularz, Szymon"]
[Black "Subelj, Jan"]
[Result "*"]
[WhiteElo "2461"]
[BlackElo "2327"]
[Annotator "ChessBase"]
[PlyCount "54"]
[EventDate "2018.07.12"]
[EventType "swiss"]
[EventCountry "GER"]
[SourceTitle "playchess.com"]
[Source "ChessBase"]
[SourceQuality "1"]
[TimeControl "40/5400+30:1800+30"]

1. e4 {[%emt 0:00:00]} c5 {[%emt 0:00:00]} 2. Nf3 {[%emt 0:00:00]} e6 {[%emt 0:00:22]} 3. d4 {[%emt 0:00:00]} cxd4 {[%emt 0:00:08]} 4. Nxd4 {[%emt 0:00:00]} a6 {[%emt 0:00:40]} 5. c4 {[%emt 0:00:01]} Nf6 {[%emt 0:00:52]} 6. Nc3 {[%emt 0:00:10]} Bb4 {[%emt 0:01:06]} 7. Qd3 {[%emt 0:00:11]} Nc6 {[%emt 0:05:42]} 8. Nxc6 {[%emt 0:00:07]} dxc6 {[%emt 0:00:08]} 9. Qxd8+ {[%emt 0:00:04]} Kxd8 {[%emt 0:00:08]} 10. e5 {[%emt 0:00:17]} Nd7 {[%emt 0:00:22]} 11. Bf4 {[%emt 0:00:06]} f5 {[%emt 0:01:46]} 12. O-O-O {[%emt 0:00:16]} Be7 {[%emt 0:03:45]} 13. h4 {[%emt 0:02:28]} Kc7 {[%emt 0:03:06]} 14. Ne2 {[%emt 0:10:14]} b5 {[%emt 0:05:26]} 15. Kb1 {[%emt 0:18:21]} bxc4 {[%emt 0:03:58]} 16. Rc1 {[%emt 0:04:01]} Nb6 {[%emt 0:01:48]} 17. Be3 {[%emt 0:06:02]} Rb8 {[%emt 0:09:23]} 18. Nf4 {[%emt 0:03:07]} Na4 {[%emt 0:07:12]} 19. Rc2 {[%emt 0:01:10]} Ba3 {[%emt 0:04:23]} 20. Bxc4 {[%emt 0:04:03]} Bxb2 {[%emt 0:02:29]} 21. Bb3 {[%emt 0:00:13]} Bxe5 {[%emt 0:01:44]} 22. Rhc1 {[%emt 0:02:43]} Bd7 {[%emt 0:03:43]} 23. Rc4 {[%emt 0:00:30]} Nb6 {[%emt 0:07:04]} 24. Nxe6+ {[%emt 0:01:01]} Kd6 {[%emt 0:02:40]} 25. Bxb6 {[%emt 0:06:30]} Rxb6 {[%emt 0:02:15]} 26. Rd1+ {[%emt 0:11:05]} Ke7 {[%emt 0:00:30]} 27. Ng5 {[%emt 0:02:18]} f4 {[%emt 0:10:36]} *

[Event "EYTCC Open U18 2018"]
[Site "Bad Blankeburg"]
[Date "2018.07.12"]
[Round "1"]
[White "Engel, Luis"]
[Black "Kesgin, Halit Kaan"]
[Result "*"]
[WhiteElo "2459"]
[BlackElo "2049"]
[Annotator "ChessBase"]
[PlyCount "47"]
[EventDate "2018.07.12"]
[EventType "swiss"]
[EventCountry "GER"]
[SourceTitle "playchess.com"]
[Source "ChessBase"]
[SourceQuality "1"]
[TimeControl "40/5400+30:1800+30"]

1. e4 {[%emt 0:00:00]} c6 {[%emt 0:00:00]} 2. Nc3 {[%emt 0:00:06]} d5 {[%emt 0:00:00]} 3. Nf3 {[%emt 0:00:15]} Bg4 {[%emt 0:00:00]} 4. h3 {[%emt 0:00:09]} Bh5 {[%emt 0:01:48]} 5. exd5 {[%emt 0:07:47]} cxd5 {[%emt 0:00:31]} 6. g4 {[%emt 0:02:32]} Bg6 {[%emt 0:00:05]} 7. Ne5 {[%emt 0:00:09]} Nc6 {[%emt 0:00:06]} 8. Bb5 {[%emt 0:00:14]} Rc8 {[%emt 0:00:03]} 9. h4 {[%emt 0:10:35]} f6 {[%emt 0:02:59]} 10. Nxg6 {[%emt 0:01:49]} hxg6 {[%emt 0:00:01]} 11. d4 {[%emt 0:08:57]} e6 {[%emt 0:01:47]} 12. Be3 {[%emt 0:02:57]} Bb4 {[%emt 0:11:55]} 13. Qd3 {[%emt 0:16:40]} Nge7 {[%emt 0:01:10]} 14. Bd2 {[%emt 0:05:16]} Qa5 {[%emt 0:16:07]} 15. a3 {[%emt 0:08:59]} a6 {[%emt 0:02:01]} 16. Bxc6+ {[%emt 0:00:24]} Rxc6 {[%emt 0:01:03]} 17. Ne2 {[%emt 0:08:21]} Bxd2+ {[%emt 0:02:14]} 18. Qxd2 {[%emt 0:00:10]} Qxd2+ {[%emt 0:03:53]} 19. Kxd2 {[%emt 0:00:07]} Kf7 {[%emt 0:01:07]} 20. c3 {[%emt 0:04:59]} Nc8 {[%emt 0:05:27]} 21. Nf4 {[%emt 0:00:45]} Nd6 {[%emt 0:02:49]} 22. Nd3 {[%emt 0:01:25]} a5 {[%emt 0:08:42]} 23. a4 {[%emt 0:04:08]} b6 {[%emt 0:03:48]} 24. Kc2 {[%emt 0:01:55]} *

[Event "EYTCC Open U18 2018"]
[Site "Bad Blankeburg"]
[Date "2018.07.12"]
[Round "1"]
[White "Gavrilescu, David"]
[Black "Vykouk, Jan"]
[Result "*"]
[WhiteElo "2451"]
[BlackElo "2419"]
[Annotator "ChessBase"]
[PlyCount "44"]
[EventDate "2018.07.12"]
[EventType "swiss"]
[EventCountry "GER"]
[SourceTitle "playchess.com"]
[Source "ChessBase"]
[SourceQuality "1"]
[TimeControl "40/5400+30:1800+30"]

1. d4 {[%emt 0:00:00]} Nf6 {[%emt 0:00:00]} 2. c4 {[%emt 0:00:00]} b6 {[%emt 0:00:00]} 3. Nc3 {[%emt 0:00:24]} Bb7 {[%emt 0:00:00]} 4. Qc2 {[%emt 0:02:53]} d5 {[%emt 0:01:05]} 5. cxd5 {[%emt 0:00:31]} Nxd5 {[%emt 0:00:08]} 6. Nf3 {[%emt 0:01:06]} Nxc3 {[%emt 0:10:10]} 7. bxc3 {[%emt 0:12:51]} Nd7 {[%emt 0:00:25]} 8. e4 {[%emt 0:08:21]} g6 {[%emt 0:03:23]} 9. h4 {[%emt 0:08:26]} h6 {[%emt 0:01:19]} 10. e5 {[%emt 0:09:43]} e6 {[%emt 0:03:17]} 11. Bd3 {[%emt 0:00:30]} c5 {[%emt 0:04:56]} 12. Rh3 {[%emt 0:18:27]} Qc7 {[%emt 0:04:56]} 13. Qb2 {[%emt 0:03:19]} c4 {[%emt 0:04:12]} 14. Bc2 {[%emt 0:01:37]} Bd5 {[%emt 0:04:39]} 15. a4 {[%emt 0:01:12]} a6 {[%emt 0:01:16]} 16. Qa2 {[%emt 0:02:56]} Qc6 {[%emt 0:01:34]} 17. Ba3 {[%emt 0:01:45]} O-O-O {[%emt 0:01:02]} 18. Rg3 {[%emt 0:03:15]} Kc7 {[%emt 0:05:19]} 19. Kf1 {[%emt 0:01:41]} Bxa3 {[%emt 0:19:20]} 20. Qxa3 {[%emt 0:00:06]} Rdg8 {[%emt 0:00:13]} 21. Kg1 {[%emt 0:05:58]} Rg7 {[%emt 0:00:48]} 22. Re1 {[%emt 0:02:18]} Rhg8 {[%emt 0:00:13]} *

[Event "EYTCC Open U18 2018"]
[Site "Bad Blankeburg"]
[Date "2018.07.12"]
[Round "1"]
[White "Bjerre, Jonas Buhl"]
[Black "Kozak, Adam"]
[Result "*"]
[WhiteElo "2436"]
[BlackElo "2446"]
[Annotator "NA"]
[PlyCount "42"]
[EventDate "2018.07.12"]
[EventType "swiss"]
[EventCountry "GER"]
[SourceTitle "playchess.com"]
[Source "ChessBase"]
[SourceQuality "1"]
[TimeControl "40/5400+30:1800+30"]

1. e4 {[%emt 0:00:00]} e5 {[%emt 0:00:00]} 2. Nf3 {[%emt 0:00:00]} Nc6 {[%emt 0:00:00]} 3. Bc4 {[%emt 0:00:00]} Bc5 {[%emt 0:00:33]} 4. c3 {[%emt 0:00:00]} Nf6 {[%emt 0:00:07]} 5. d3 {[%emt 0:00:00]} a6 {[%emt 0:08:00]} 6. Bb3 {[%emt 0:00:04]} d6 {[%emt 0:00:21]} 7. Nbd2 {[%emt 0:00:24]} O-O {[%emt 0:00:23]} 8. O-O {[%emt 0:00:10]} Ba7 {[%emt 0:00:11]} 9. h3 {[%emt 0:00:09]} Kh8 {[%emt 0:00:49]} 10. Nc4 {[%emt 0:06:10]} Be6 {[%emt 0:25:46]} 11. Re1 {[%emt 0:11:48]} b5 $11 {[%emt 0:06:33]} 12. Ne3 {[%emt 0:00:21]} d5 {[%emt 0:07:53]} 13. exd5 {[%emt 0:06:28]} Nxd5 {[%emt 0:03:59]} 14. Ng4 {[%emt 0:19:42]} f6 {[%emt 0:04:31]} 15. d4 {[%emt 0:01:57]} Bxg4 {[%emt 0:00:45]} 16. hxg4 {[%emt 0:00:05]} exd4 {[%emt 0:00:10]} 17. cxd4 {[%emt 0:05:08]} Qd7 {[%emt 0:02:36]} 18. a4 {[%emt 0:01:20]} Rad8 {[%emt 0:03:00]} 19. axb5 {[%emt 0:05:53]} axb5 {[%emt 0:00:11]} 20. g5 {[%emt 0:00:56]} Qg4 {[%emt 0:05:23]} 21. gxf6 {[%emt 0:10:45]} gxf6 {[%emt 0:02:12]} *

[Event "EYTCC Open U18 2018"]
[Site "Bad Blankeburg"]
[Date "2018.07.12"]
[Round "1"]
[White "Horvath, Dominik"]
[Black "Jakab, Bela"]
[Result "*"]
[WhiteElo "2429"]
[BlackElo "2292"]
[Annotator "NA"]
[PlyCount "44"]
[EventDate "2018.07.12"]
[EventType "swiss"]
[EventCountry "GER"]
[SourceTitle "playchess.com"]
[Source "ChessBase"]
[SourceQuality "1"]
[TimeControl "40/5400+30:1800+30"]

1. e4 {[%emt 0:00:00]} c5 {[%emt 0:00:00]} 2. Nf3 {[%emt 0:00:00]} d6 {[%emt 0:00:00]} 3. d4 {[%emt 0:00:00]} cxd4 {[%emt 0:00:00]} 4. Nxd4 {[%emt 0:00:00]} Nf6 {[%emt 0:00:09]} 5. Nc3 {[%emt 0:00:04]} Nc6 {[%emt 0:00:18]} 6. g3 {[%emt 0:03:47]} e5 {[%emt 0:01:20]} 7. Nde2 {[%emt 0:00:10]} Bg4 {[%emt 0:00:20]} 8. Bg2 {[%emt 0:15:12]} Nd4 {[%emt 0:01:04]} 9. Qd3 {[%emt 0:01:04]} Nxe2 {[%emt 0:00:39]} 10. Nxe2 {[%emt 0:00:05]} Be7 {[%emt 0:00:26]} 11. c4 {[%emt 0:03:22]} O-O {[%emt 0:00:33]} 12. Nc3 {[%emt 0:02:28]} Nd7 {[%emt 0:01:16]} 13. Be3 {[%emt 0:04:11]} Bg5 {[%emt 0:20:44]} 14. Qxd6 $11 {[%emt 0:14:16]} ({White should try} 14. Bxg5 $16 Qxg5 15. Qxd6) 14... Bxe3 {[%emt 0:03:23]} 15. fxe3 {[%emt 0:00:11]} Qg5 {[%emt 0:05:55]} 16. Qd2 {[%emt 0:04:37]} Rad8 {[%emt 0:06:54]} 17. Nd5 {[%emt 0:02:48]} Bh5 {[%emt 0:09:30]} 18. O-O {[%emt 0:02:25]} Bg6 {[%emt 0:02:35]} 19. Rad1 {[%emt 0:12:18]} Kh8 {[%emt 0:03:06]} 20. Qf2 {[%emt 0:04:18]} Nc5 {[%emt 0:01:50]} 21. Qc2 {[%emt 0:07:00]} Qg4 {[%emt 0:08:46]} 22. Nc3 {[%emt 0:00:36]} Rc8 {[%emt 0:04:31]} *

[Event "EYTCC Open U18 2018"]
[Site "Bad Blankeburg"]
[Date "2018.07.12"]
[Round "1"]
[White "Horvath, Dominik"]
[Black "Jakab, Bela"]
[Result "1-0"]
[WhiteElo "2429"]
[BlackElo "2292"]
[Annotator "TA"]
[PlyCount "120"]
[EventDate "2018.07.12"]
[EventType "swiss"]
[EventCountry "GER"]
[SourceTitle "playchess.com"]
[Source "ChessBase"]
[SourceQuality "1"]

{[%evp 17,120,-10,0,-8,3,0,9,0,4,0,4,-8,-8,0,0,0,0,-12,7,0,12,11,12,0,126,122,148,131,143,133,207,106,103,102,152,83,89,81,87,95,96,98,146,138,158,155,167,164,164,160,204,199,195,186,194,189,210,149,160,152,190,186,189,174,280,272,280,272,379,367,533,533,497,510,530,393,497,502,2610,2548,1639,1802,5527,4806,29966,29968,29960,12842,29969,727,600,592,29964,29952,29964,11665,29975,29976,29978,29979,29979,29980,29979,29980,29985]} 1. Nf3 Nf6 2. c4 e6 3. Nc3 d5 4. d4 Be7 5. Bf4 O-O 6. e3 c6 7. Bd3 Nbd7 8. h3 dxc4 9. Bxc4 b5 {LiveBook: 6 Games} 10. Be2 {D37: Queen's Gambit Declined: 5 Bf4} b4 $146 ({Predecessor:} 10... Bb7 11. a3 a6 12. b4 a5 13. Rb1 Nb6 14. Qd2 axb4 15. axb4 Nbd5 16. Nxd5 Qxd5 17. Ne5 Ne4 18. Qc1 f6 {½-½ (18) Meduna,E (2460)-Jirovsky,M (2505) Zlin 1997}) 11. Na4 c5 12. O-O {The position is equal.} Bb7 13. Rc1 {[%cal Ra4c5]} Rc8 14. Ne5 cxd4 15. Qxd4 Nxe5 16. Qxd8 Rfxd8 17. Bxe5 Rd2 18. Bf3 Rxc1 19. Rxc1 Bxf3 20. gxf3 Kf8 (20... h6 $11) 21. Bd4 $16 a5 22. Kf1 b3 23. axb3 Ne8 (23... Bb4 $16 {was called for.} 24. Nb6 Ne8) 24. Bc3 ({White should play} 24. Nc5 $18) 24... Rd5 25. Nb6 Rh5 26. Kg2 (26. Nd7+ $142 Kg8 27. Ra1) 26... Rg5+ 27. Kh2 Bd6+ 28. f4 Rb5 29. Nc4 Bb4 {[#]} 30. Bxb4+ $1 axb4 {[%mdl 4096] Endgame KRN-KRN} 31. Ra1 Rb7 32. Ra8 Rd7 33. Rb8 f6 34. Rxb4 Ke7 35. Kg2 Nd6 36. Kf3 h6 37. e4 g5 38. Ke3 gxf4+ 39. Kxf4 Nf7 40. Ke3 Rd1 (40... Nd8 {is a better defense.} 41. Rb6 e5) 41. Rb7+ $18 Ke8 42. b4 {[%cal Bb3b4,Bb4b5][%mdl 32]} Rh1 43. b5 Rxh3+ (43... Ne5 $142) 44. Kd4 Rb3 45. Kc5 h5 46. Nd6+ Nxd6 47. Kxd6 Rxb2 (47... Kf8 $142 48. Kxe6 h4) 48. Kxe6 {[%cal Rb7b8] KR-KR} Kd8 49. f4 {[%cal Bf2f4,Bf4f5,Bf5f6][%mdl 32]} Rb4 50. e5 fxe5 51. f5 e4 52. f6 {White wants to mate with f7.} e3 53. Rd7+ (53. f7 $142 Rf4 54. Rd7+ Kc8 55. Rd5 e2 56. Re5 Kc7 57. Rxe2 h4 58. Ke7) 53... Kc8 {[#]} 54. Re7 $1 Rf4 55. Kf7 Rf3 56. Re4 Kc7 57. Ke7 {White mates.} h4 58. Rxh4 Kb6 59. Re4 Kc5 60. f7 Kd5 {Precision: White = 76%, Black = 34%.} 1-0

[Event "EYTCC Open U18 2018"]
[Site "Bad Blankeburg"]
[Date "2018.07.12"]
[Round "1"]
[White "Martin, Julian"]
[Black "Urban, Konstantin"]
[Result "0-1"]
[WhiteElo "2415"]
[BlackElo "2325"]
[Annotator "TA"]
[PlyCount "116"]
[EventDate "2018.07.12"]
[EventType "swiss"]
[EventCountry "GER"]
[SourceTitle "playchess.com"]
[Source "ChessBase"]
[SourceQuality "1"]

{[%evp 19,116,24,64,49,51,56,82,83,97,62,47,28,75,67,76,82,120,118,141,96,129,89,94,47,67,83,140,104,120,98,104,105,103,92,81,43,70,0,104,60,59,0,0,2,28,0,50,-63,-54,-67,-72,-55,-4,-6,-8,-147,-135,-133,-137,-281,-266,-679,-651,-1147,-1141,-1395,-924,-920,-894,-889,-880,-802,-657,-650,-639,-620,-618,-660,-557,-958,-918,-29985,-29986,-29984,-29985,-29988,-29989,-29989,-29990,-29990,-29991,-29991,-29992,-29992,-29993,-29993,-29994,-29996,-29997]} 1. e4 c5 2. Nf3 d6 3. d4 cxd4 4. Nxd4 Nf6 5. Nc3 Nc6 {[%cal Bb8c6,Bc6d4,Bd4e2][%mdl 32]} 6. g3 e5 7. Nde2 Bg4 8. Bg2 Nd4 {B56: Sizilianisch (Abweichung von Sozin- und Richter/Rauser-Variante)} 9. Qd3 Nxe2 10. Nxe2 Be7 {LiveBook: 4 Partien. Weiß hat minimalen Vorteil.} 11. c4 O-O 12. Nc3 Nd7 13. Be3 $146 ({Vorgänger:} 13. O-O Nc5 14. Qc2 Bg5 15. b3 Bxc1 16. Raxc1 {½-½ (89) Kagan,S (2425)-Zueger,B (2335) Randers 1982}) 13... Bg5 14. Qxd6 Bxe3 15. fxe3 Qg5 16. Qd2 Rad8 {und nun wäre ...Sb6 stark für Schwarz.} 17. Nd5 Bh5 18. O-O Bg6 19. Rad1 Kh8 20. Qf2 Nc5 21. Qc2 Qg4 {[%cal Rg6e4]} 22. Nc3 $1 Rc8 (22... h5 $142) 23. Bf3 Qg5 24. Qe2 h5 25. b4 Ne6 26. Nd5 Rfe8 27. Bg2 Qg4 28. Bf3 Qg5 29. Rc1 h4 30. g4 (30. Qg2 $14) 30... Qh6 $11 31. c5 Ng5 32. Nc3 b6 (32... a6 {looks sharper.} 33. Rfd1 f6 34. Rd7 Rb8 35. Qf1 Bf7) 33. cxb6 ({Günstiger ist} 33. Nb5 $14 Rc6 34. Nd6 (34. Nxa7 Rf6 $16)) 33... axb6 $15 34. Nd5 Rxc1 35. Rxc1 Bxe4 (35... Qh7 $15 36. Nc3 (36. Nxb6 Bxe4 37. Bg2 h3 $17) 36... f6) 36. Bxe4 $11 Nxe4 37. h3 (37. Qf3 $11 {bleibt in der Remisbreite.} Qg6 38. a4) 37... Rd8 $17 38. Rd1 Qe6 39. Qd3 (39. Nc3 $17 Rxd1+ 40. Nxd1) 39... f5 $19 {[%cal Bf7f5,Bf5g4,Bg4g3][%mdl 32]} 40. Qb5 $2 {[#]} (40. a4 Nf6 41. gxf5 Qxd5 42. Qxd5 Rxd5 43. Ra1) 40... fxg4 41. Qc4 Ng5 42. e4 g3 43. Qe2 g6 {[#] Weiss muss nun ...Tf8 beachten.} 44. Rf1 Nxh3+ 45. Kg2 Nf2 46. Rxf2 gxf2 47. Qxf2 {[%mdl 4096] Endspiel KDT-KDS} g5 {[%cal Bg6g5,Bg5g4,Bg4g3,Bg3g2][%mdl 32]} 48. Kh2 Kg7 49. a4 Rf8 50. Qxb6 Qxb6 {Schwarz setzt Matt.} 51. Nxb6 {KT-KS} g4 52. a5 Rf2+ 53. Kg1 g3 54. Nd5 h3 {[%cal Bh4h3,Bh3h2][%mdl 32]} 55. Ne3 h2+ 56. Kh1 Kg6 57. a6 Ra2 58. Nf1 g2+ {Precision: Weiß = 35%, Schwarz = 51%.} 0-1

[Event "EYTCC Open U18 2018"]
[Site "Bad Blankeburg"]
[Date "2018.07.12"]
[Round "1"]
[White "Martin, Julian"]
[Black "Urban, Konstantin"]
[Result "*"]
[WhiteElo "2415"]
[BlackElo "2325"]
[Annotator "NA"]
[PlyCount "50"]
[EventDate "2018.07.12"]
[EventType "swiss"]
[EventCountry "GER"]
[SourceTitle "playchess.com"]
[Source "ChessBase"]
[SourceQuality "1"]
[TimeControl "40/5400+30:1800+30"]

1. Nf3 {[%emt 0:00:00]} Nf6 {[%emt 0:00:00]} 2. c4 {[%emt 0:00:00]} e6 {[%emt 0:00:00]} 3. Nc3 {[%emt 0:00:00]} d5 {[%emt 0:00:08]} 4. d4 {[%emt 0:00:02]} Be7 {[%emt 0:00:08]} 5. Bf4 {[%emt 0:00:33]} O-O {[%emt 0:00:31]} 6. e3 {[%emt 0:00:08]} c6 {[%emt 0:01:34]} 7. Bd3 {[%emt 0:02:21]} Nbd7 {[%emt 0:00:56]} 8. h3 {[%emt 0:11:30]} dxc4 {[%emt 0:10:21]} 9. Bxc4 {[%emt 0:00:13]} b5 {[%emt 0:00:14]} 10. Be2 {[%emt 0:03:58]} b4 {[%emt 0:09:42]} 11. Na4 {[%emt 0:00:42]} c5 {[%emt 0:00:31]} 12. O-O {[%emt 0:05:02]} Bb7 {[%emt 0:02:27]} 13. Rc1 {[%emt 0:04:21]} Rc8 $11 {[%emt 0:03:05]} 14. Ne5 {[%emt 0:19:38]} cxd4 {[%emt 0:04:25]} 15. Qxd4 {[%emt 0:02:26]} Nxe5 {[%emt 0:01:13]} 16. Qxd8 {[%emt 0:04:34]} Rfxd8 {[%emt 0:01:43]} 17. Bxe5 {[%emt 0:00:47]} Rd2 {[%emt 0:19:26]} 18. Bf3 {[%emt 0:01:38]} Rxc1 {[%emt 0:02:20]} 19. Rxc1 {[%emt 0:00:07]} Bxf3 {[%emt 0:00:08]} 20. gxf3 {[%emt 0:00:56]} Kf8 {[%emt 0:06:05]} 21. Bd4 {[%emt 0:01:35]} a5 {[%emt 0:05:59]} 22. Kf1 {[%emt 0:03:07]} b3 {[%emt 0:06:32]} 23. axb3 {[%emt 0:01:36]} Ne8 {[%emt 0:00:34]} 24. Bc3 {[%emt 0:07:21]} Rd5 {[%emt 0:01:21]} 25. Nb6 {[%emt 0:01:44]} Rh5 {[%emt 0:01:44]} *

[Event "EYTCC Open U18 2018"]
[Site "Bad Blankeburg"]
[Date "2018.07.12"]
[Round "1"]
[White "Zarubitski, Viachaslau"]
[Black "Gorshtein, Ido"]
[Result "*"]
[WhiteElo "2412"]
[BlackElo "2382"]
[Annotator "NA"]
[PlyCount "39"]
[EventDate "2018.07.12"]
[EventType "swiss"]
[EventCountry "GER"]
[SourceTitle "playchess.com"]
[Source "ChessBase"]
[SourceQuality "1"]
[TimeControl "40/5400+30:1800+30"]

1. e4 {[%emt 0:00:00]} c5 {[%emt 0:00:00]} 2. Nf3 {[%emt 0:00:00]} Nc6 {[%emt 0:00:00]} 3. d4 {[%emt 0:00:00]} cxd4 {[%emt 0:00:00]} 4. Nxd4 {[%emt 0:00:00]} g6 {[%emt 0:00:07]} 5. c4 {[%emt 0:00:02]} Nf6 {[%emt 0:00:14]} 6. Nc3 {[%emt 0:00:41]} Nxd4 {[%emt 0:00:07]} 7. Qxd4 {[%emt 0:00:06]} d6 {[%emt 0:00:06]} 8. f3 {[%emt 0:02:10]} Bg7 {[%emt 0:00:53]} 9. Be3 {[%emt 0:00:04]} O-O {[%emt 0:00:56]} 10. Qd2 {[%emt 0:00:08]} Be6 {[%emt 0:04:10]} 11. Rc1 {[%emt 0:02:58]} Qa5 {[%emt 0:20:40]} 12. Bd3 {[%emt 0:07:32]} Rfc8 {[%emt 0:01:51]} 13. b3 {[%emt 0:00:13]} Nd7 {[%emt 0:04:22]} 14. O-O {[%emt 0:16:16]} a6 {[%emt 0:05:57]} 15. f4 {[%emt 0:10:08]} f5 {[%emt 0:22:55]} 16. exf5 {[%emt 0:13:03]} Bxf5 {[%emt 0:02:32]} 17. Bxf5 {[%emt 0:00:36]} gxf5 {[%emt 0:01:00]} 18. Rf3 {[%emt 0:08:13]} Bxc3 {[%emt 0:10:06]} 19. Rxc3 {[%emt 0:04:24]} Nf6 {[%emt 0:00:07]} 20. Qd3 {[%emt 0:13:57]} *

[Event "EYTCC Open U18 2018"]
[Site "Bad Blankeburg"]
[Date "2018.07.12"]
[Round "1"]
[White "Badelka, Olga"]
[Black "Parkhov, Yair"]
[Result "1-0"]
[WhiteElo "2407"]
[BlackElo "2364"]
[Annotator "NA"]
[PlyCount "97"]
[EventDate "2018.07.12"]
[EventType "swiss"]
[EventCountry "GER"]
[SourceTitle "playchess.com"]
[Source "ChessBase"]
[SourceQuality "1"]
[TimeControl "40/5400+30:1800+30"]

1. c4 {[%emt 0:00:00]} e6 {[%emt 0:00:00]} 2. Nc3 {[%emt 0:00:00]} d5 {[%emt 0:00:00]} 3. d4 {[%emt 0:00:01]} c6 {[%emt 0:00:00]} 4. Nf3 {[%emt 0:00:09]} Nf6 {[%emt 0:00:06]} 5. Bg5 {[%emt 0:00:42]} h6 {[%emt 0:01:24]} 6. Bh4 {[%emt 0:02:47]} dxc4 {[%emt 0:01:05]} 7. e4 {[%emt 0:00:13]} g5 {[%emt 0:00:07]} 8. Bg3 {[%emt 0:11:32]} b5 {[%emt 0:00:07]} 9. Be2 {[%emt 0:01:49]} Bb7 {[%emt 0:00:25]} 10. Ne5 {[%emt 0:02:33]} Nbd7 {[%emt 0:01:39]} 11. O-O {[%emt 0:00:52]} h5 {[%emt 0:00:21]} 12. Nxd7 {[%emt 0:07:11]} Qxd7 {[%emt 0:00:12]} 13. Be5 {[%emt 0:00:20]} Rh6 {[%emt 0:00:05]} 14. f4 {[%emt 0:04:39]} g4 {[%emt 0:00:09]} 15. Qc2 {[%emt 0:09:59]} b4 {[%emt 0:20:17]} 16. Na4 {[%emt 0:03:02]} c5 {[%emt 0:01:03]} 17. Nxc5 {[%emt 0:03:15]} Bxc5 {[%emt 0:00:41]} 18. dxc5 {[%emt 0:00:02]} Nxe4 {[%emt 0:12:07]} 19. Bxc4 {[%emt 0:03:28]} Qc6 {[%emt 0:05:34]} 20. Rfd1 {[%emt 0:03:31]} g3 {[%emt 0:17:16]} 21. Bb3 {[%emt 0:15:00]} Qxc5+ {[%emt 0:05:27]} 22. Qxc5 {[%emt 0:03:10]} gxh2+ {[%emt 0:00:49]} 23. Kxh2 {[%emt 0:00:02]} Nxc5 {[%emt 0:00:12]} 24. Bc4 {[%emt 0:00:27]} a6 {[%emt 0:08:19]} 25. Rac1 {[%emt 0:05:50]} Rc8 {[%emt 0:06:01]} 26. Be2 {[%emt 0:01:43]} Ne4 {[%emt 0:08:50]} 27. Rxc8+ {[%emt 0:02:59]} Bxc8 {[%emt 0:00:05]} 28. Bc7 {[%emt 0:04:23]} Bd7 {[%emt 0:02:44]} 29. Rd4 {[%emt 0:01:03]} b3 {[%emt 0:03:24]} 30. axb3 {[%emt 0:01:29]} Nf6 {[%emt 0:01:12]} 31. Rb4 {[%emt 0:06:22]} Ke7 {[%emt 0:01:05]} 32. Rb8 {[%emt 0:00:33]} Bb5 {[%emt 0:02:42]} 33. Bf3 {[%emt 0:01:44]} Kd7 {[%emt 0:01:20]} 34. Ba5 {[%emt 0:00:12]} Nd5 {[%emt 0:01:37]} 35. Rb7+ {[%emt 0:02:54]} Ke8 {[%emt 0:00:07]} 36. f5 {[%emt 0:00:28]} h4 {[%emt 0:00:14]} 37. fxe6 {[%emt 0:01:48]} fxe6 {[%emt 0:00:09]} 38. Bd2 {[%emt 0:00:24]} Rf6 {[%emt 0:00:21]} 39. Bg5 {[%emt 0:00:57]} Rxf3 {[%emt 0:00:47]} 40. gxf3 {[%emt 0:00:17]} Bc6 {[%emt 0:01:16]} 41. Ra7 {[%emt 0:30:56]} Nb4 {[%emt 0:02:42]} 42. Re7+ {[%emt 0:00:00]} Kf8 {[%emt 0:00:08]} 43. Rxe6 {[%emt 0:00:00]} Bd5 {[%emt 0:02:25]} 44. Rf6+ {[%emt 0:00:00]} Kg7 {[%emt 0:00:16]} 45. Bxh4 {[%emt 0:00:00]} Nc6 {[%emt 0:00:45]} 46. Kg3 {[%emt 0:00:00]} a5 {[%emt 0:00:27]} 47. Rd6 {[%emt 0:00:00]} Nb4 {[%emt 0:00:03]} 48. Bf6+ {[%emt 0:00:00]} Kf7 {[%emt 0:00:08]} 49. Bc3 {[%emt 0:00:00]} 1-0